000 00637nam a2200229Ia 4500
003 OSt
005 20220918201118.0
006 a|||||r|||| 00| 0
007 ta
008 220917b |||||||| |||| 00| 0 eng d
024 _a91,791
037 _cTextual
040 _aARTS
_cARTS
_beng
041 _2eng
_aeng
082 _aV:7, L8 (=)
100 _aPiggott Stuart
_914785
245 0 _aAntiuity depicted
_b aspects of archaeological illustration
260 _aLodnon
_bThames and hudson
_c1978
650 _aARCHEOLOGY; HISTORY
_91499
942 _hV:7, L8 (=)
_cTEXL
_2CC
999 _c215448
_d215448